| 000 -LEADER |
| fixed length control field |
00350nam a2200145Ia 4500 |
| 008 - FIXED-LENGTH DATA ELEMENTS--GENERAL INFORMATION |
| fixed length control field |
250603s9999 xx 000 0 und d |
| 020 ## - INTERNATIONAL STANDARD BOOK NUMBER |
| International Standard Book Number |
9.7881219246e+012 |
| 082 ## - DEWEY DECIMAL CLASSIFICATION NUMBER |
| Classification number |
658.4 |
| Item number |
CHA/P |
| 100 ## - MAIN ENTRY--PERSONAL NAME |
| Personal name |
Chand.s |
| 245 #0 - TITLE STATEMENT |
| Title |
Principles Management |
| 250 ## - EDITION STATEMENT |
| Edition statement |
2nd |
| 260 ## - PUBLICATION, DISTRIBUTION, ETC. |
| Place of publication, distribution, etc. |
New Delhi |
| Name of publisher, distributor, etc. |
S.Chand And Company Ltd |
| Date of publication, distribution, etc. |
2018 |
| 300 ## - PHYSICAL DESCRIPTION |
| Extent |
436p |
| 942 ## - ADDED ENTRY ELEMENTS (KOHA) |
| Koha item type |
Book |